[Event "16. Sparkassen Open 2017 - Gruppe A"]
[Site "Forchheim"]
[Date "2017.10.01"]
[Round "4.25"]
[White "Englert, Jon"]
[Black "Lichii, Elizaveta"]
[Result "1-0"]
[WhiteElo "2005"]
[BlackElo "1906"]
[PlyCount "83"]
[EventDate "2017.??.??"]
[WhiteTeam "TV-Großostheim"]

1. d4 Nf6 2. Nf3 e6 3. Bg5 h6 4. Bxf6 Qxf6 5. e4 d5 6. Nbd2 Qd8 7. Bd3 Be7 8.
O-O O-O 9. c3 b6 10. Qe2 Bb7 11. e5 c5 12. Rac1 a5 13. Ne1 Ba6 14. f4 Bxd3 15.
Qxd3 Qd7 16. Nc2 Nc6 17. Ne3 f5 18. exf6 Bxf6 19. Ng4 cxd4 20. Nxf6+ Rxf6 21.
cxd4 Qd6 22. a3 Rff8 23. g3 Rac8 24. Nf3 Qd7 25. Rf2 Nb4 26. Qd2 Rxc1+ 27. Qxc1
Nd3 28. Ne5 Nxe5 29. dxe5 Rc8 30. Qe3 Qc6 31. Qd4 Qc5 32. Qd3 Qc7 33. Kg2 Kh8
34. Qg6 Qd7 35. f5 exf5 36. e6 Qe8 37. Qxf5 Rd8 38. Qe5 d4 39. e7 Qc6+ 40. Kh3
Re8 41. Rf8+ Kh7 42. Qf5+ 1-0

[Event "16. Sparkassen Open 2017 - Gruppe A"]
[Site "Forchheim"]
[Date "2017.10.01"]
[Round "4.26"]
[White "Gerl, Hans"]
[Black "Bachhuber, Dominik"]
[Result "0-1"]
[WhiteElo "2057"]
[BlackElo "1909"]
[PlyCount "58"]
[EventDate "2017.??.??"]
[WhiteTeam "SK Zirndorf"]
[BlackTeam "SC JÄKLECHEMIE"]

1. d4 Nf6 2. c4 e6 3. Nf3 d5 4. Nc3 Bb4 5. e3 c5 6. cxd5 exd5 7. a3 Bxc3+ 8.
bxc3 O-O 9. Be2 Ne4 10. Qb3 c4 11. Qc2 Bf5 12. Qb2 Nc6 13. O-O Qa5 14. Bd2 Qb6
15. Qa2 Na5 16. Bd1 Nb3 17. Bxb3 cxb3 18. Qb2 Nd6 19. Ne5 f6 20. g4 Be6 21. c4
fxe5 22. c5 Nc4 23. cxb6 Nxb2 24. Rfb1 Nc4 25. Bb4 Rf6 26. Rxb3 Bxg4 27. f4 a5
28. dxe5 Rg6 29. Be1 Bd1+ 0-1

[Event "16. Sparkassen Open 2017 - Gruppe B"]
[Site "Forchheim"]
[Date "2017.10.01"]
[Round "4.1"]
[White "Siegl, Melina"]
[Black "Hohner, Karl-Heinz"]
[Result "1-0"]
[WhiteElo "1988"]
[BlackElo "1794"]
[PlyCount "49"]
[EventDate "2017.??.??"]
[WhiteTeam "SW Nürnberg Süd"]
[BlackTeam "vereinslos"]

1. e4 e5 2. Nf3 Nc6 3. Bc4 Nf6 4. d3 Bc5 5. c3 d6 6. Bb3 Bg4 7. Nbd2 O-O 8. h3
Bh5 9. Nf1 a5 10. g4 Bg6 11. Ng3 d5 12. Qe2 a4 13. Bc2 Qd6 14. Nh4 d4 15. Nhf5
Bxf5 16. Nxf5 Qe6 17. b4 Bb6 18. b5 Ba5 19. O-O Na7 20. cxd4 exd4 21. Bxa4 Bc3
22. Rb1 Rad8 23. Bb3 Qd7 24. a4 Nc8 25. Qf3 1-0

[Event "16. Sparkassen Open 2017 - Gruppe B"]
[Site "Forchheim"]
[Date "2017.10.01"]
[Round "4.2"]
[White "Homi, Joseph"]
[Black "Gets, Alexej"]
[Result "1-0"]
[WhiteElo "1850"]
[BlackElo "1748"]
[PlyCount "59"]
[EventDate "2017.??.??"]
[WhiteTeam "SGem Fürth"]
[BlackTeam "SGem Fürth"]

1. e4 e5 2. Qh5 Nc6 3. Bc4 g6 4. Qf3 Qe7 5. Ne2 Bg7 6. Nbc3 Nf6 7. d3 Na5 8.
Bg5 Nxc4 9. Nd5 Qd6 10. Nxf6+ Kf8 11. Nd5 Kg8 12. dxc4 h6 13. Be7 Qc6 14. Nf6+
Bxf6 15. Bxf6 Rh7 16. Bxe5 d6 17. Bc3 Qxc4 18. O-O b5 19. b3 Qc5 20. e5 Rb8 21.
exd6 cxd6 22. Qf6 Bb7 23. Rad1 b4 24. Ba1 Qxc2 25. Rxd6 Re8 26. Ng3 h5 27. Rd8
Qc6 28. Rxe8+ Qxe8 29. Rd1 Bd5 30. Rxd5 1-0

[Event "16. Sparkassen Open 2017 - Gruppe B"]
[Site "Forchheim"]
[Date "2017.10.01"]
[Round "4.3"]
[White "Kocak, Ediz"]
[Black "Hofmann, Marko"]
[Result "1-0"]
[WhiteElo "1698"]
[BlackElo "1850"]
[PlyCount "59"]
[EventDate "2017.??.??"]
[WhiteTeam "SGem Fürth"]
[BlackTeam "SV Seubelsdorf"]

1. b3 d5 2. Bb2 c5 3. e3 Nc6 4. Bb5 a6 5. Bxc6+ bxc6 6. Nf3 Bg4 7. h3 Bxf3 8.
Qxf3 e6 9. d3 f6 10. Nd2 Nh6 11. Qh5+ Nf7 12. Qg4 Qd7 13. e4 e5 14. Qg3 a5 15.
a4 h5 16. f4 h4 17. Qf2 exf4 18. exd5 cxd5 19. O-O Bd6 20. Rae1+ Kd8 21. Nf3
Kc7 22. Ba3 Qc6 23. d4 c4 24. Bxd6+ Qxd6 25. bxc4 dxc4 26. Qe2 Kd7 27. Qxc4 Ng5
28. Nxg5 fxg5 29. Re5 Rac8 30. Qf7+ 1-0

[Event "16. Sparkassen Open 2017 - Gruppe B"]
[Site "Forchheim"]
[Date "2017.10.01"]
[Round "4.4"]
[White "Reinhard, Ralf-Peter"]
[Black "Hofmann, Lorenz"]
[Result "1/2-1/2"]
[WhiteElo "1935"]
[BlackElo "1775"]
[PlyCount "46"]
[EventDate "2017.??.??"]
[WhiteTeam "vereinslos"]
[BlackTeam "SV Lauf"]

1. Nf3 Nf6 2. d4 g6 3. g3 Bg7 4. Bg2 d5 5. O-O c6 6. c3 Bf5 7. Qb3 Qb6 8. Bf4
Nbd7 9. Nbd2 O-O 10. Ne5 Nxe5 11. Bxe5 Rfe8 12. e3 Nd7 13. Bxg7 Kxg7 14. e4
dxe4 15. Nxe4 Qxb3 16. axb3 Bxe4 17. Bxe4 e5 18. dxe5 Nc5 19. Bc2 Rxe5 20. Rfe1
Rxe1+ 21. Rxe1 Rd8 22. Re2 Rd7 23. b4 Ne6 1/2-1/2

[Event "16. Sparkassen Open 2017 - Gruppe B"]
[Site "Forchheim"]
[Date "2017.10.01"]
[Round "4.6"]
[White "Paeslack, Luis"]
[Black "Beck, Karl"]
[Result "0-1"]
[WhiteElo "1825"]
[BlackElo "1981"]
[PlyCount "92"]
[EventDate "2017.??.??"]
[WhiteTeam "TV Großostheim"]
[BlackTeam "SC Markt Berolzheim"]

1. d4 Nf6 2. c4 d6 3. Nc3 g6 4. e4 Bg7 5. Nf3 O-O 6. Be2 Nbd7 7. Nd2 e5 8. d5
h6 9. g4 c6 10. Nf1 cxd5 11. cxd5 Nc5 12. Ng3 Bd7 13. b4 Na6 14. a3 Qc8 15. Bd2
Bxg4 16. f3 Bd7 17. Rc1 Qd8 18. Rg1 Qb6 19. Rh1 Rac8 20. Nf1 Qd8 21. Be3 Ra8
22. Qd2 Kh7 23. Ng3 Nc7 24. b5 b6 25. a4 Nce8 26. Na2 Rc8 27. Kf2 Ng8 28. Rxc8
Bxc8 29. Nb4 f5 30. Nc6 Qh4 31. Nxa7 Nef6 32. Nxc8 Rxc8 33. Bxb6 f4 34. Kg2 Qg5
35. a5 Nxe4 36. Qe1 Nc3 37. Qd2 Ne7 38. Bd8 Rxd8 39. Qxc3 Nxd5 40. Qc6 Ne3+ 41.
Kf2 fxg3+ 42. hxg3 Nf5 43. Qe4 Nxg3 44. Qg4 Nxh1+ 45. Kg2 Qxg4+ 46. fxg4 e4 0-1

[Event "16. Sparkassen Open 2017 - Gruppe B"]
[Site "Forchheim"]
[Date "2017.10.01"]
[Round "4.7"]
[White "Faust, Bernhard"]
[Black "Sippl, Martin"]
[Result "1/2-1/2"]
[WhiteElo "1841"]
[BlackElo "2094"]
[PlyCount "49"]
[EventDate "2017.??.??"]
[WhiteTeam "SK Rothenburg"]
[BlackTeam "SC Postbauer-Heng"]

1. d4 Nf6 2. c4 d6 3. Nc3 Nbd7 4. Nf3 e5 5. dxe5 dxe5 6. Bg5 Be7 7. Qc2 c6 8.
e3 Qc7 9. Be2 Nf8 10. O-O Ng6 11. Rfd1 Be6 12. Bxf6 gxf6 13. Ne4 f5 14. Ng3 Qc8
15. Qc3 f6 16. Qc2 Rg8 17. Bf1 Kf8 18. e4 fxe4 19. Qxe4 f5 20. Qc2 Rg7 21. a3
Rf7 22. Re1 Qc7 23. Rad1 Bd7 24. Qd2 Bf6 25. Nh5 1/2-1/2

[Event "16. Sparkassen Open 2017 - Gruppe B"]
[Site "Forchheim"]
[Date "2017.10.01"]
[Round "4.8"]
[White "Niebler, Paul"]
[Black "Meier, Manfred"]
[Result "1-0"]
[WhiteElo "1910"]
[BlackElo "1854"]
[PlyCount "133"]
[EventDate "2017.??.??"]
[BlackTeam "SV Neustadt/Aisch"]

1. e4 e5 2. f4 exf4 3. Nf3 d6 4. d4 Be7 5. Bxf4 Nf6 6. Nc3 O-O 7. Bc4 Be6 8. d5
Bd7 9. Qd3 a6 10. a4 c6 11. O-O cxd5 12. Nxd5 Nxd5 13. Bxd5 Bc6 14. Bb3 Qc7 15.
Nd4 Nd7 16. Nf5 Ne5 17. Qg3 Bf6 18. Bh6 Ng6 19. Bf4 Ne5 20. Rad1 Rad8 21. Bd5
Bxd5 22. Rxd5 Rd7 23. c3 Kh8 24. Rfd1 Rfd8 25. Kh1 Kg8 26. h3 g6 27. Kh2 Qc6
28. Bg5 Bxg5 29. Qxg5 f6 30. Qg3 Kh8 31. Nh6 Kg7 32. Ng4 Nxg4+ 33. Qxg4 Qxa4
34. Qe6 Qc6 35. Rf1 Rf7 36. e5 f5 37. Rxd6 Qe8 38. Qd5 Rfd7 39. Rd1 Rxd6 40.
exd6 Qf7 41. Qd4+ Qf6 42. Qd5 Qf7 43. Qc5 Rd7 44. Re1 Qf6 45. Rd1 Qe6 46. c4
Kf6 47. Rd5 Qe4 48. Rd1 f4 49. Qc8 Qe6 50. Qh8+ Kf7 51. Qxh7+ Kf6 52. Qh8+ Kf7
53. Qd4 g5 54. c5 Kg6 55. Qd3+ Kf7 56. Qh7+ Kf8 57. Qh8+ Kf7 58. Qh7+ Ke8 59.
Qd3 Kf7 60. Qd5 Kf6 61. Qxe6+ Kxe6 62. Kg1 b6 63. cxb6 Rxd6 64. Rxd6+ Kxd6 65.
Kf2 Kc6 66. Kf3 Kxb6 67. Kg4 1-0

[Event "16. Sparkassen Open 2017 - Gruppe B"]
[Site "Forchheim"]
[Date "2017.10.01"]
[Round "4.9"]
[White "Koelbl, Wolfgang"]
[Black "Danninger, Jannik"]
[Result "1-0"]
[WhiteElo "1817"]
[BlackElo "1606"]
[PlyCount "81"]
[EventDate "2017.??.??"]
[WhiteTeam "SK Klosterlechfeld"]
[BlackTeam "TV Tegernsee"]

1. d4 d5 2. Bf4 Nf6 3. e3 Bf5 4. c4 e6 5. Nc3 c5 6. Nf3 Nc6 7. Qa4 a6 8. cxd5
Nxd5 9. Nxd5 Qxd5 10. Rd1 Be7 11. Bc4 Qe4 12. Bd3 Qd5 13. Bc4 Qd8 14. dxc5 Qa5+
15. Qxa5 Nxa5 16. Bd3 Bxd3 17. Rxd3 Bxc5 18. O-O Ke7 19. a3 Nc4 20. Rc3 b5 21.
b3 Bxa3 22. bxc4 b4 23. Rd3 Rhc8 24. Bd6+ Ke8 25. c5 a5 26. Nd2 a4 27. Nc4 Bb2
28. Nxb2 a3 29. Nc4 Rab8 30. Bxb8 Rxc5 31. Nd6+ Ke7 32. Ne4 Rc2 33. Bd6+ Ke8
34. Bxb4 a2 35. Ra3 Rb2 36. Bc3 Rc2 37. g3 f5 38. Nd6+ Kd7 39. Nb5 Kc8 40. Ra1
Kb7 41. Nd4 1-0

[Event "16. Sparkassen Open 2017 - Gruppe B"]
[Site "Forchheim"]
[Date "2017.10.01"]
[Round "4.10"]
[White "Baumgärtner, Frank"]
[Black "Löllmann, Heinrich"]
[Result "0-1"]
[WhiteElo "1802"]
[BlackElo "1845"]
[PlyCount "98"]
[EventDate "2017.??.??"]
[WhiteTeam "Kronacher SK"]
[BlackTeam "SV Bubenreuth"]

1. d4 d5 2. Nf3 Nf6 3. e3 c6 4. Bd3 Bg4 5. Nbd2 e6 6. O-O Bd6 7. c4 O-O 8. Qc2
Nbd7 9. b3 Re8 10. Bb2 Qc7 11. c5 Bf8 12. b4 a6 13. a4 g6 14. b5 Bf5 15. b6 Qd8
16. a5 h6 17. h3 Nh7 18. Rad1 Bxd3 19. Qxd3 f5 20. Rfe1 Nhf6 21. Rc1 Kh7 22.
Ne5 Ne4 23. Ndf3 Bg7 24. Nxd7 Qxd7 25. Ne5 Qe7 26. Rc2 Bxe5 27. dxe5 Nxc5 28.
Qd4 Nd7 29. Rec1 c5 30. Qa4 Qg7 31. f4 Rac8 32. g4 Qf7 33. Rg2 c4 34. Bd4 Nc5
35. Bxc5 Rxc5 36. Rcc2 Rec8 37. gxf5 gxf5 38. Qa3 Rb5 39. Kh2 Rcc5 40. Rg3 Rxa5
41. Qc1 Rab5 42. Rcg2 c3 43. h4 Rxb6 44. Kh3 Rc7 45. Rg7+ Qxg7 46. Rxg7+ Kxg7
47. h5 Kh7 48. Qg1 Rg7 49. Qc1 Rc6 0-1

[Event "16. Sparkassen Open 2017 - Gruppe B"]
[Site "Forchheim"]
[Date "2017.10.01"]
[Round "4.11"]
[White "Kozik, Andreas"]
[Black "Askri, Samir"]
[Result "1-0"]
[WhiteElo "1935"]
[BlackElo "1758"]
[PlyCount "47"]
[EventDate "2017.??.??"]
[WhiteTeam "SV Bad Bevensen"]
[BlackTeam "DJK Amberg"]

1. e4 c5 2. Nf3 d6 3. d4 cxd4 4. Nxd4 Nf6 5. Nc3 a6 6. Be3 e6 7. f3 Be7 8. Qd2
Nbd7 9. O-O-O O-O 10. g4 Qc7 11. Kb1 b5 12. g5 Ne8 13. h4 Bb7 14. h5 Ne5 15. g6
hxg6 16. hxg6 Nxg6 17. Qh2 Nf6 18. Bd3 e5 19. Nf5 Rfc8 20. Nd5 Bxd5 21. exd5 e4
22. Bxe4 Nxe4 23. Qh7+ Kf8 24. Qh8+ 1-0

[Event "16. Sparkassen Open 2017 - Gruppe B"]
[Site "Forchheim"]
[Date "2017.10.01"]
[Round "4.12"]
[White "Böhme, Andre"]
[Black "Albayrak, Aylin"]
[Result "1-0"]
[WhiteElo "1887"]
[BlackElo "1668"]
[PlyCount "87"]
[EventDate "2017.??.??"]
[WhiteTeam "SV Hellern"]
[BlackTeam "Zabo-Eintracht Nürnberg"]

1. e4 e6 2. d4 d5 3. e5 c5 4. c3 Nc6 5. Nf3 Qb6 6. a3 Bd7 7. b4 c4 8. a4 a6 9.
Be2 Nge7 10. O-O Nf5 11. Re1 Be7 12. Nbd2 Nfxd4 13. cxd4 Nxd4 14. Nxd4 Qxd4 15.
Ba3 c3 16. Nf3 Qb6 17. a5 Qc7 18. Qd4 f6 19. Rac1 Rc8 20. Bd3 fxe5 21. Nxe5 Bf6
22. f4 O-O 23. Re3 Ba4 24. Rxc3 Bxe5 25. fxe5 Qf7 26. Rf3 Qh5 27. Bb1 Bb5 28.
Rxf8+ Rxf8 29. Rc1 Qe2 30. h3 Rf1+ 31. Kh2 Rxc1 32. Bxc1 Qe1 33. Qf4 d4 34. Be4
Qxb4 35. Bxb7 Qe7 36. Bf3 d3 37. Bd2 h6 38. Qd4 g5 39. Bh5 Qc7 40. Bb4 Qc8 41.
Qf2 Qc7 42. Qf8+ Kh7 43. Qf6 Qd7 44. Bg6+ 1-0

[Event "16. Sparkassen Open 2017 - Gruppe B"]
[Site "Forchheim"]
[Date "2017.10.01"]
[Round "4.13"]
[White "Zagrada, Halil"]
[Black "Khamenya, Vitalia"]
[Result "0-1"]
[WhiteElo "1597"]
[BlackElo "1853"]
[PlyCount "94"]
[EventDate "2017.??.??"]
[WhiteTeam "BSG Wöhrlhaus"]
[BlackTeam "SK Gräfelfing"]

1. d4 d5 2. c3 e6 3. e3 Bd6 4. Nf3 f5 5. b3 Nf6 6. Ba3 O-O 7. Bxd6 Qxd6 8. Ne5
Nbd7 9. f4 Ne4 10. Bd3 Rf6 11. Qh5 Qe7 12. Qh4 Qe8 13. Bxe4 dxe4 14. g4 Nxe5
15. dxe5 Rh6 16. Qg3 fxg4 17. Qxg4 Bd7 18. Nd2 Bc6 19. O-O-O Rd8 20. Nc4 Rd3
21. Kb2 b5 22. Nd2 Rxe3 23. Rhe1 Rxe1 24. Rxe1 Rxh2 25. Re2 Rxe2 26. Qxe2 Qa8
27. c4 a6 28. Qe3 h6 29. Kc3 Qb7 30. Nf1 bxc4 31. bxc4 Qb6 32. Qxb6 cxb6 33.
Kd4 h5 34. Ke3 h4 35. Kf2 Kf7 36. Ne3 Kg6 37. Kg2 Kh5 38. Kh2 Kh6 39. Kh3 g5
40. fxg5+ Kxg5 41. Kg2 Kf4 42. Kf2 Kxe5 43. Ke2 h3 44. Nf1 Kd4 45. Kf2 e3+ 46.
Ke2 Be4 47. Nh2 Bd3+ 0-1

[Event "16. Sparkassen Open 2017 - Gruppe B"]
[Site "Forchheim"]
[Date "2017.10.01"]
[Round "4.14"]
[White "Luther, Helmut"]
[Black "Kuhlemann, Claus"]
[Result "1-0"]
[WhiteElo "2015"]
[BlackElo "1786"]
[PlyCount "73"]
[EventDate "2017.??.??"]
[WhiteTeam "SW Nürnberg Süd"]
[BlackTeam "SV Memmelsdorf"]

1. d4 b6 2. c4 e6 3. Nf3 Bb7 4. g3 Nf6 5. Bg2 Be7 6. O-O O-O 7. Nc3 d6 8. b3
Nbd7 9. Qc2 Re8 10. e4 e5 11. d5 c6 12. dxc6 Bxc6 13. Rd1 Nc5 14. Nxe5 Bb7 15.
b4 Ne6 16. Qe2 Qc8 17. Nf3 a6 18. Nd5 Nxd5 19. cxd5 Nf8 20. Bb2 Nd7 21. Rac1
Qb8 22. Nd4 Rc8 23. Nf5 Bf8 24. Bxg7 Bxg7 25. Nxg7 Nf6 26. Nf5 Rxc1 27. Rxc1
Qd8 28. Qd2 Ne8 29. Qd4 Rc8 30. Rxc8 Bxc8 31. Nh6+ Kf8 32. Qh8+ Ke7 33. Qxh7
Kd7 34. Qxf7+ Qe7 35. Bh3+ Kd8 36. Qxe7+ Kxe7 37. Bxc8 1-0

[Event "16. Sparkassen Open 2017 - Gruppe B"]
[Site "Forchheim"]
[Date "2017.10.01"]
[Round "4.15"]
[White "Kormann, Christian"]
[Black "Pikal, Alexander"]
[Result "0-1"]
[WhiteElo "1737"]
[BlackElo "1966"]
[PlyCount "74"]
[EventDate "2017.??.??"]
[WhiteTeam "SC Forchheim"]
[BlackTeam "SC Ansbach"]

1. e4 d6 2. d4 g6 3. Nc3 Bg7 4. Be3 Nc6 5. Qd2 e5 6. Nge2 f5 7. exf5 Bxf5 8.
Nd5 Nf6 9. Nxf6+ Qxf6 10. d5 Ne7 11. c4 O-O 12. Nc3 Qf7 13. Be2 Bd7 14. f3 Nf5
15. Bf2 Bh6 16. Qd3 a6 17. O-O b6 18. b4 Rfe8 19. Ne4 a5 20. a3 Reb8 21. Qc3
Qe7 22. Rfd1 Bg7 23. Rd2 Nd4 24. Rb1 axb4 25. axb4 Ra7 26. Be3 Rba8 27. Rdb2
Ra3 28. Qd2 Nf5 29. Bg5 Qf8 30. Qc1 h6 31. Bd2 Nd4 32. Be3 Bf5 33. Qd2 g5 34.
Bd3 Bh7 35. Nc3 Bxd3 36. Qxd3 e4 37. fxe4 Rxc3 0-1

[Event "16. Sparkassen Open 2017 - Gruppe B"]
[Site "Forchheim"]
[Date "2017.10.01"]
[Round "4.16"]
[White "Adler, Herbert"]
[Black "Babichev, Vyacheslav"]
[Result "0-1"]
[WhiteElo "1940"]
[BlackElo "1835"]
[PlyCount "93"]
[EventDate "2017.??.??"]
[WhiteTeam "SG Büchenbach/Roth"]
[BlackTeam "SW Nürnberg Süd"]

1. d4 Nf6 2. g3 g6 3. Bg2 Bg7 4. c4 O-O 5. Nc3 c6 6. e4 d6 7. h3 Nbd7 8. Nf3 e5
9. O-O Qc7 10. Be3 a6 11. dxe5 dxe5 12. Qc2 Re8 13. Rfd1 Nb6 14. b3 Nbd7 15. c5
Bf8 16. Na4 Kg7 17. Nd2 Ra7 18. Nc4 Nb8 19. Qc3 Re6 20. b4 Bd7 21. Rd2 Be8 22.
Rad1 Nbd7 23. Nab6 Be7 24. h4 Nf8 25. f3 N6d7 26. Bh3 f5 27. exf5 gxf5 28. Bxf5
Nb8 29. Bxe6 Nxe6 30. Qxe5+ Qxe5 31. Nxe5 Nf8 32. Nec4 a5 33. Nc8 Ra6 34. Nxe7
Kf7 35. Nf5 axb4 36. Ncd6+ Kf6 37. g4 Bd7 38. Rb1 Ra4 39. Kf2 Be6 40. Rbb2 Nbd7
41. Nxb7 Ne5 42. Nbd6 Bd5 43. Bd4 Ke6 44. Re2 Nfd7 45. f4 Bc4 46. Nxc4 Kd5 47.
Nxe5 0-1

[Event "16. Sparkassen Open 2017 - Gruppe B"]
[Site "Forchheim"]
[Date "2017.10.01"]
[Round "4.17"]
[White "Götzel, Alfred"]
[Black "Modric, Vladimir"]
[Result "1-0"]
[WhiteElo "1923"]
[BlackElo "1899"]
[PlyCount "133"]
[EventDate "2017.??.??"]
[WhiteTeam "SC Höchstadt/Aisch"]
[BlackTeam "SC Nied"]

1. e4 Nc6 2. Nf3 d6 3. Bc4 Nf6 4. Nc3 g6 5. d4 Bg7 6. d5 Nb8 7. h3 O-O 8. Be3
c6 9. a4 Qa5 10. O-O Na6 11. Nd4 Bd7 12. Nb3 Qc7 13. Nd4 Nb4 14. Bb3 Qa5 15.
Qd2 Rac8 16. f3 Kh8 17. Na2 c5 18. Nxb4 cxb4 19. Rfc1 a6 20. Qd3 Be8 21. c3
bxc3 22. Rxc3 Rxc3 23. Qxc3 Qxc3 24. bxc3 Nd7 25. Rb1 Nc5 26. Bc2 Bxa4 27. Bxa4
Nxa4 28. Rxb7 Nxc3 29. Nc6 e6 30. dxe6 fxe6 31. Nd4 Nd1 32. Nxe6 Nxe3 33. Nxg7
a5 34. Ra7 a4 35. Ne6 Re8 36. Nd4 d5 37. exd5 Nxd5 38. Rxa4 Re7 39. Ra5 Nf6 40.
Kf2 Kg7 41. Nc6 Re8 42. g4 Rc8 43. Ra7+ Kh6 44. Ne5 g5 45. Ra6 Kg7 46. Re6 Rc2+
47. Kg3 Rc3 48. Re7+ Kg8 49. Nd7 Nxd7 50. Rxd7 Rc2 51. Rd5 h6 52. Rd7 Re2 53.
h4 gxh4+ 54. Kxh4 Rh2+ 55. Kg3 Ra2 56. Kf4 Ra5 57. Ke4 h5 58. Rd5 Ra4+ 59. Kf5
hxg4 60. fxg4 Kf7 61. Rd7+ Ke8 62. Rd5 Kf7 63. g5 Ra1 64. Rd7+ Kg8 65. Re7 Ra5+
66. Re5 Ra1 67. Re8+ 1-0

[Event "16. Sparkassen Open 2017 - Gruppe B"]
[Site "Forchheim"]
[Date "2017.10.01"]
[Round "4.18"]
[White "Walter, Stefan"]
[Black "Grundhammer, Gerhard"]
[Result "1-0"]
[WhiteElo "1944"]
[BlackElo "1698"]
[PlyCount "53"]
[EventDate "2017.??.??"]
[WhiteTeam "SGem Fürth"]
[BlackTeam "SU Ebersberg-Grafing"]

1. e4 e5 2. Nf3 Nf6 3. Nxe5 d6 4. Nf3 Nxe4 5. d4 d5 6. Bd3 Bd6 7. O-O O-O 8. c4
c6 9. Nc3 Nxc3 10. bxc3 Be6 11. Ng5 g6 12. Nxe6 fxe6 13. Qg4 Qf6 14. Bg5 Qf7
15. Rae1 Re8 16. Re3 e5 17. dxe5 Bxe5 18. Rfe1 Nd7 19. Qe2 Nc5 20. Bc2 Ne4 21.
Bxe4 dxe4 22. Rxe4 Bxh2+ 23. Kxh2 Rxe4 24. Qxe4 Qxf2 25. Qe6+ Kg7 26. Qd7+ Kg8
27. Re7 1-0

[Event "16. Sparkassen Open 2017 - Gruppe B"]
[Site "Forchheim"]
[Date "2017.10.01"]
[Round "4.19"]
[White "Nahlik, Bernhard"]
[Black "Diller, Andreas"]
[Result "0-1"]
[WhiteElo "1618"]
[BlackElo "1885"]
[PlyCount "65"]
[EventDate "2017.??.??"]
[WhiteTeam "SC Ansbach"]
[BlackTeam "SK Rothenburg"]

1. d4 e6 2. Nf3 d5 3. g3 Nf6 4. Bg2 Bd6 5. O-O O-O 6. Nc3 c6 7. Re1 Nbd7 8. e4
dxe4 9. Nxe4 Nxe4 10. Rxe4 Nf6 11. Re1 Qc7 12. Qe2 c5 13. Be3 Bd7 14. dxc5 Bxc5
15. Bxc5 Qxc5 16. Ne5 Bb5 17. c4 Ba6 18. a3 b6 19. Bxa8 Rxa8 20. Rad1 Rc8 21.
b4 Qc7 22. Rd4 Bb7 23. Qd3 Ba8 24. Rd1 Re8 25. Nd7 Nh5 26. Rh4 g6 27. Rxh5 gxh5
28. Nf6+ Kf8 29. Nxe8 Kxe8 30. Qd6 Qc8 31. c5 Bf3 32. Rc1 Bd5 33. c6 0-1

[Event "16. Sparkassen Open 2017 - Gruppe B"]
[Site "Forchheim"]
[Date "2017.10.01"]
[Round "4.20"]
[White "Dann, Dirk"]
[Black "Grasser, Stefan"]
[Result "1-0"]
[WhiteElo "1829"]
[BlackElo "1738"]
[PlyCount "61"]
[EventDate "2017.??.??"]
[WhiteTeam "Schleswiger SV"]
[BlackTeam "SV Hellern"]

1. e4 d5 2. exd5 Qxd5 3. Nc3 Qd6 4. d4 Nf6 5. Nf3 Bg4 6. h3 Bxf3 7. Qxf3 c6 8.
Bf4 Qd8 9. Rd1 e6 10. Be2 Be7 11. Qg3 Rg8 12. O-O Nbd7 13. Rfe1 Nb6 14. a3 Nfd5
15. Nxd5 Nxd5 16. Bc1 Bd6 17. Qg4 Qc7 18. c4 Nf6 19. Qf3 Qd7 20. Bg5 Be7 21. d5
cxd5 22. cxd5 e5 23. d6 Bd8 24. Qg3 Kf8 25. Qxe5 a6 26. Bd3 h6 27. Be3 Rc8 28.
Bf5 Qc6 29. Bxc8 Qxc8 30. Bb6 Qd7 31. Bxd8 1-0

[Event "16. Sparkassen Open 2017 - Gruppe B"]
[Site "Forchheim"]
[Date "2017.10.01"]
[Round "4.21"]
[White "Schulz, Horst"]
[Black "Wachtel, Arthur"]
[Result "1/2-1/2"]
[WhiteElo "1761"]
[BlackElo "1863"]
[PlyCount "41"]
[EventDate "2017.??.??"]
[WhiteTeam "SC Höchstadt/Aisch"]
[BlackTeam "SK Freising"]

1. d4 g6 2. e3 Bg7 3. Bd3 Nf6 4. f4 d6 5. Nf3 Nbd7 6. O-O b6 7. e4 O-O 8. e5
Ne8 9. c3 Bb7 10. Be3 c5 11. Qe2 Nc7 12. Nbd2 Qc8 13. Rac1 Ba6 14. Rfe1 Rd8 15.
a3 Bxd3 16. Qxd3 Qb7 17. Qf1 Rac8 18. exd6 exd6 19. Bf2 Re8 20. Qd3 Qa6 21.
Qxa6 1/2-1/2

[Event "16. Sparkassen Open 2017 - Gruppe B"]
[Site "Forchheim"]
[Date "2017.10.01"]
[Round "4.22"]
[White "Cordts, Elof"]
[Black "Heppert, Lars"]
[Result "0-1"]
[WhiteElo "1664"]
[BlackElo "1904"]
[PlyCount "82"]
[EventDate "2017.??.??"]
[WhiteTeam "SC Erlangen"]
[BlackTeam "SK Neuburg"]

1. e4 c5 2. Nc3 Nc6 3. f4 d6 4. Nf3 Bg4 5. Bb5 Rc8 6. O-O a6 7. Bxc6+ Rxc6 8.
d3 e6 9. Qe1 Bxf3 10. Rxf3 Nf6 11. Bd2 b5 12. b3 Be7 13. f5 O-O 14. Qg3 Re8 15.
Raf1 b4 16. Ne2 e5 17. c4 bxc3 18. Bxc3 a5 19. Qh3 Bf8 20. g4 d5 21. Ng3 dxe4
22. Nxe4 Nd5 23. Bd2 Nf6 24. Bg5 Qd4+ 25. Be3 Qxd3 26. Nxf6+ Rxf6 27. g5 Rc6
28. Kh1 Qd5 29. Kg1 c4 30. bxc4 Qxc4 31. Qh5 Bc5 32. Bxc5 Qxc5+ 33. Kg2 e4 34.
Rh3 h6 35. Rg3 Qd6 36. f6 Rc2+ 37. Kh3 Qe6+ 38. Rg4 Rd8 39. Rfg1 Rdd2 40. gxh6
Rxh2+ 41. Kg3 Qd6+ 0-1

[Event "16. Sparkassen Open 2017 - Gruppe B"]
[Site "Forchheim"]
[Date "2017.10.01"]
[Round "4.23"]
[White "Kiesendahl, Roland"]
[Black "Schmitz, Tim"]
[Result "1/2-1/2"]
[WhiteElo "1540"]
[BlackElo "1833"]
[PlyCount "46"]
[EventDate "2017.??.??"]
[WhiteTeam "SC Erlangen"]
[BlackTeam "SC Sendling"]

1. d4 Nf6 2. c4 g6 3. Nc3 Bg7 4. e4 d6 5. Nf3 O-O 6. Be2 e5 7. d5 a5 8. O-O Na6
9. h3 Nc5 10. Qc2 Nh5 11. Bd2 Nf4 12. Bxf4 exf4 13. Rfe1 Re8 14. Rab1 f5 15.
Bd3 Nxd3 16. Qxd3 fxe4 17. Nxe4 Bf5 18. Re2 Bxe4 19. Rxe4 Rxe4 20. Qxe4 Qf6 21.
b3 Kf7 22. Re1 h6 23. a4 g5 1/2-1/2

[Event "16. Sparkassen Open 2017 - Gruppe B"]
[Site "Forchheim"]
[Date "2017.10.01"]
[Round "4.24"]
[White "Lohvinov, Petro"]
[Black "Kohler, Alfred"]
[Result "1-0"]
[WhiteElo "1775"]
[BlackElo "1609"]
[PlyCount "39"]
[EventDate "2017.??.??"]
[WhiteTeam "SK München Südost"]
[BlackTeam "Schachtreff Röttenbach"]

1. e4 e5 2. Nf3 d6 3. d4 Nf6 4. Nc3 Nbd7 5. Be3 Be7 6. h3 c6 7. Bd3 Qc7 8. Qd2
exd4 9. Nxd4 Ne5 10. Be2 Bd7 11. f4 Ng6 12. g4 h6 13. O-O-O O-O-O 14. Nf5 Be6
15. Nxg7 d5 16. f5 dxe4 17. Qe1 Rxd1+ 18. Qxd1 Rg8 19. Nxe6 fxe6 20. fxe6 1-0

[Event "16. Sparkassen Open 2017 - Gruppe B"]
[Site "Forchheim"]
[Date "2017.10.01"]
[Round "4.25"]
[White "Kolb, Tobias"]
[Black "Schlötterer, Hermann"]
[Result "1-0"]
[WhiteElo "1638"]
[BlackElo "1860"]
[PlyCount "63"]
[EventDate "2017.??.??"]
[WhiteTeam "SV Seubelsdorf"]
[BlackTeam "Zabo-Eintracht Nürnberg"]

1. e4 d5 2. exd5 Qxd5 3. Nc3 Qd6 4. d4 a6 5. Nf3 Nf6 6. g3 Bg4 7. Bg2 e6 8. Bf4
Qb6 9. Rb1 Bd6 10. Be3 Nd5 11. O-O Nxe3 12. fxe3 Nc6 13. Ne2 e5 14. Kh1 e4 15.
Nd2 f5 16. Nc4 Qb5 17. b3 Ne7 18. Nxd6+ cxd6 19. c4 Qd7 20. d5 Ng6 21. Qd2 Bxe2
22. Qxe2 Ne5 23. Rbc1 h5 24. h4 g6 25. Qb2 Ke7 26. Qd4 Rag8 27. Rc2 Rh7 28. c5
Nd3 29. c6 bxc6 30. dxc6 Qc7 31. Bxe4 fxe4 32. Qf6+ 1-0

[Event "16. Sparkassen Open 2017 - Gruppe B"]
[Site "Forchheim"]
[Date "2017.10.01"]
[Round "4.26"]
[White "Wittmann, Helmut"]
[Black "Weißmann, Peter"]
[Result "1-0"]
[WhiteElo "2060"]
[BlackElo "1747"]
[PlyCount "31"]
[EventDate "2017.??.??"]
[WhiteTeam "BSG Wöhrlhaus"]
[BlackTeam "SK Zirndorf"]

1. d4 Nf6 2. Bg5 d5 3. Bxf6 exf6 4. e3 c5 5. dxc5 Bxc5 6. Ne2 Bg4 7. Nbc3 d4 8.
exd4 Bxd4 9. Qxd4 Qxd4 10. Nxd4 O-O 11. f3 Be6 12. Nxe6 fxe6 13. Bc4 Kh8 14.
Bxe6 Re8 15. O-O-O Nc6 16. Rhe1 1-0